Dopasuj imię do nazwiska - polscy poeci - Statystyki

Ogólne statystyki
  • Ten quiz został rozwiązany 66 razy
  • Średni wynik to 16 z 20
Statystyki odpowiedzi
Hint Odpowiedź % Poprawnych
Maria Konopnicka
100%
Wisława Szymborska
100%
Adam Mickiewicz
95%
Czesław Miłosz
95%
Juliusz Słowacki
95%
Krzysztof Kamil Baczyński
93%
Konstanty Ildefons Gałczyński
93%
Leopold Staff
93%
Julian Tuwim
91%
Jan Kochanowski
84%
Kazimierz Przerwa-Tetmajer
77%
Zbigniew Herbert
75%
Ignacy Krasicki
75%
Bolesław Leśmian
75%
Tadeusz Różewicz
73%
Miron Białoszewski
70%
Stanisław Barańczak
50%
Zygmunt Krasiński
50%
Władysław Broniewski
48%
Józef Czechowicz
32%
Nie znaleziono quizów pasujących do podanych kryteriów
Rozkład punktacji
Procent ludzi z każdym wynikiem
Percentyl według liczby udzielonych odpowiedzi
Twoja historia wyników
Nie rozwiązałeś tego quizu